000 00491nam a22001697a 4500
999 _c18501
_d18501
008 200916b xxu||||| |||| 00| 0 eng d
020 _a0990637202
050 _aQA273
_b.P57 2014 c.1
100 _aPishro-Nik, Hossein
245 _aIntroduction to probability, statistics and random processes
_cHossein Pishro-Nik
260 _bKappa Research
_c2014
300 _aix, 732p.
650 _aProbabilities
650 _aStatistics
650 _aStochastic processes
942 _2lcc
_cBK